000 00608nam a2200253Ia 4500
005 20260121161259.0
008 008 260114s9999 xx 000 0 eng d
020 _a9780429351358
037 _aEBOOK
040 _aCRL
040 _beng
040 _cCRL
041 _2eng
041 _aeng
084 _qCRL
100 _aLech Wojciech Szajdak
_91042421
245 0 _aNitrogen in Agricultural Landscape:
260 _bTaylor and Francis
260 _c2021
856 _uhttp://www.taylorfrancis.com/books/9780429351358
942 _cEBOOK
999 _c1609237
_d1609237